Music Quiz

Random Music or Album Quiz

Rolling Stone Top Albums by Any Word Quiz Stats

 Plays Quiz Updated Sep 14, 2018

Challenge
Share
Tweet
Embed
Score 0/100 Timer 07:00
0 Plays Today
# Album % Correct
83I Never Loved a Man the Way I Love You
98.7%
48It Takes a Nation of Millions to Hold Us Back
97.6%
47A Love Supreme
96.9%
99There's a Riot Goin' On
96.9%
93Sign o' the Times
96.3%
10The White Album
96.3%
43The Dark Side of the Moon
96%
85Born in the U.S.A.
96%
56Songs in the Key of Life
95.8%
35The Rise and Fall of Ziggy Stardust and the Spiders from Mars
95.7%
16Blood on the Tracks
95.6%
41Never Mind the Bollocks, Here's the Sex Pistols
95.5%
100In the Wee Small Hours
95.3%
53The Birth of Soul
95.1%
68Off the Wall
95%
24Live at the Apollo
94.9%
59Meet the Beatles
94.9%
27King of the Delta Blues Singers
94.8%
87The Wall
94.8%
34Music from the Big Pink
94.7%
26The Joshua Tree
94.5%
45The Band
94.4%
97The Freewheelin' Bob Dylan
94.3%
71After the Gold Rush
94.3%
21The Great Twenty-Eight
94.2%
11The Sun Sessions
94.1%
42The Doors
94.1%
13The Velvet Underground
94%
77The Clash
94%
67The Stranger
93.8%
38The Anthology
93.6%
86Let It Be
84.4%
73Back in Black
83.2%
6What's Going On
78.9%
# Album % Correct
12Kind of Blue
78.6%
7Exile on Main Street
78.5%
9Blonde on Blonde
77.3%
18Born to Run
74.8%
31Bringing It All Back Home
74.6%
15Are You Experienced?
74.3%
89Dusty in Memphis
73.8%
64Back to Mono (1958-1969)
73.2%
82Axis: Bold as Love
72.8%
32Let It Bleed
70.5%
1Sgt. Pepper's Lonely Hearts Club Band
65.8%
80Odessey and Oracle
64.9%
39Please Please Me
62.2%
75Led Zeppelin II
55.4%
91Goodbye Yellow Brick Road
51.1%
66Led Zeppelin IV
51%
61Appetite for Destruction
50.9%
14Abbey Road
48.2%
88At Folsom Prison
45.7%
49At Fillmore East
45.5%
74Otis Blue
45.4%
30Blue
45.1%
28Who's Next
44.8%
3Revolver
44.2%
20Thriller
43.2%
5Rubber Soul
42%
29Led Zeppelin
36.6%
22Plastic Ono Band
35.6%
2Pet Sounds
34.8%
17Nevermind
31.2%
84Lady Soul
30.7%
72Purple Rain
30.6%
4Highway 61 Revisited
30.3%
9220 Greatest Hits
29.2%
# Album % Correct
52Greatest Hits
28.2%
60Greatest Hits
28.2%
79Star Time
27.7%
8London Calling
26.9%
51Bridge Over Troubled Water
26.3%
50Here's Little Richard
25.6%
63Sticky Fingers
25%
95Green River
24.9%
98This Year's Model
23.3%
37Hotel California
21%
62Achtung Baby
18.6%
55Elvis Presley
16.9%
25Rumours
16.6%
70Physical Graffiti
12.1%
96Tommy
11.7%
57Beggars Banquet
11.7%
54Electric Ladyland
11.4%
76Imagine
11.2%
78Harvest
9.9%
36Tapestry
9.1%
33Ramones
8.4%
23Innervisions
8.2%
40Forever Changes
8.1%
90Talking Book
7.9%
19Astral Weeks
7.6%
94Bitches Brew
7.3%
81Graceland
6.3%
46Legend
6.2%
44Horses
5.4%
65Moondance
5%
58Trout Mask Replica
3.2%
69Superfly
2.6%

You're not logged in!

Compare scores with friends on all Sporcle quizzes.
Join for Free
OR
Log In

You Might Also Like...

Show Comments

Extras

Top Quizzes Today


Score Distribution

Your Account Isn't Verified!

In order to create a playlist on Sporcle, you need to verify the email address you used during registration. Go to your Sporcle Settings to finish the process.

Report this User

Report this user for behavior that violates our Community Guidelines.

Details: